| 000 | 00000nas 2200000zi 4500 |
| 001 | 9.936919 |
| 003 | CaOODSP |
| 005 | 20250414092747 |
| 006 | m o d f |
| 007 | cr ||||||||||| |
| 008 | 240415c20219999mbcar p o f0###a0eng|d |
| 040 | |aCaOODSP|beng|erda|cCaOODSP |
| 043 | |an-cn--- |
| 086 | 1 |aCC192-5E-PDF |
| 110 | 2 |aFreshwater Fish Marketing Corporation (Canada)|eauthor, |eissuing body. |
| 245 | 10|aAnnual report on the Access to Information Act and the Privacy Act for the period April 1, ... to March 31, ... |
| 264 | 1|a[Winnipeg] : |bFreshwater Fish Marketing Corporation, |c[2021]- |
| 310 | |aAnnual |
| 336 | |atext|btxt|2rdacontent |
| 337 | |acomputer|bc|2rdamedia |
| 338 | |aonline resource|bcr|2rdacarrier |
| 362 | 1 |aBegan with: 2020/2021. |
| 500 | |aReport year ends March 31. |
| 500 | |aIssued also in French under title: Rapport annuel sur la Loi sur l'accès à l'information et la Loi sur la protection des renseignements personnels pour la période allant du 1er avril ... au 31 mars ... |
| 588 | |aDescription based on: 2020/2021; title from PDF cover page. |
| 588 | |aLatest issue consulted: 2020/2021. |
| 610 | 20|aFreshwater Fish Marketing Corporation (Canada)|vPeriodicals. |
| 610 | 10|aCanada. |tAccess to Information Act|vPeriodicals. |
| 610 | 10|aCanada. |tPrivacy Act|vPeriodicals. |
| 650 | 0|aGovernment information|zCanada|vPeriodicals. |
| 650 | 0|aFreedom of information|zCanada|vPeriodicals. |
| 650 | 0|aPrivacy, Right of|zCanada|vPeriodicals. |
| 655 | 7|aPeriodicals|2lcgft |
| 775 | 08|w(CaOODSP)9.936920 |
| 775 | 08|tRapport annuel sur la Loi sur l'accès à l'information et la Loi sur la protection des renseignements personnels pour la période allant du 1er avril ... au 31 mars ... |
| 780 | 00|tAnnual report on the Access to Information Act for the period April 1, ... to March 31, ...|w(CaOODSP)9.936837 |